Statistics for College Football Matchups: Maryland

Click here to take the quiz!

General Stats

  • This quiz has been taken 45 times
  • The average score is 11 of 16

Answer Stats

# of GamesOpponentLast Meeting% Correct
45Penn State11/06/2021
94%
70North Carolina11/24/2012
91%
78Virginia10/12/2013
89%
62Clemson10/26/2013
86%
50Duke10/02/2010
86%
24Florida State10/05/2013
80%
70NC State11/30/2013
80%
37Syracuse09/07/2019
80%
32Virginia Tech12/29/2021
80%
53West Virginia09/04/2021
77%
21Georgia Tech11/03/2012
66%
21Navy09/06/2010
66%
62Wake Forest10/19/2013
60%
28South Carolina10/16/1971
40%
19Richmond09/05/2015
14%
25VMI09/23/1972
11%

Score Distribution

Percentile by Number Answered

Percent of People with Each Score

Your Score History

You have not taken this quiz